La doctrina del gran espacio económico / (Registro nro. 11619)

Detalles MARC
000 -LEADER
fixed length control field 01147nam a2200241Ia 4500
003 - CONTROL NUMBER IDENTIFIER
control field OSt
005 - DATE AND TIME OF LATEST TRANSACTION
control field 20210504115059.0
008 - FIXED-LENGTH DATA ELEMENTS--GENERAL INFORMATION
fixed length control field 210310s1953 sp gr 000 0 spa d
040 ## - CATALOGING SOURCE
Original cataloging agency CO-JMCR
Transcribing agency CO-JMCR
041 0# - LANGUAGE CODE
Language code of text/sound track or separate title spa
082 14 - DEWEY DECIMAL CLASSIFICATION NUMBER
Classification number 330.9 /
Item number B257d
Edition number 23
100 1# - MAIN ENTRY--PERSONAL NAME
Personal name Bernacer, German,
Relator term autor
9 (RLIN) 25995
245 13 - TITLE STATEMENT
Title La doctrina del gran espacio económico /
Statement of responsibility, etc. German Bernacer
260 ## - PUBLICATION, DISTRIBUTION, ETC.
Place of publication, distribution, etc. Madrid, España :
Name of publisher, distributor, etc. Aguilar,
Date of publication, distribution, etc. 1953.
300 ## - PHYSICAL DESCRIPTION
Extent xxxvii, 192 páginas ;
Dimensions 18 cm.
490 0# - SERIES STATEMENT
Series statement Biblioteca de Ciencias Sociales:
-- Sección primera: economía
500 ## - GENERAL NOTE
General note Incluye datos biográficos del autor.
504 ## - BIBLIOGRAPHY, ETC. NOTE
Bibliography, etc. note Bibliografía :páginas ix-xi.
505 0# - FORMATTED CONTENTS NOTE
Formatted contents note Las dificultades de la primera posguerra y las ideas de Coudenhove Kalergi. -- La crisis de 1929 y la propuestas de Briand. -- La teoría de los costes comparativos. -- Autosuficiencia. -- Complementaridad -- Regionalismo. -- Dirigismo. -- La política comercial del gran espacio económico. -- Política monetaria. -- Objetivos del gran problema.
650 14 - SUBJECT ADDED ENTRY--TOPICAL TERM
Topical term or geographic name entry element Política monetaria.
General subdivision Posguerra.
9 (RLIN) 37405
650 14 - SUBJECT ADDED ENTRY--TOPICAL TERM
Topical term or geographic name entry element Política comercial
General subdivision Posguerra.
9 (RLIN) 37406
942 ## - ADDED ENTRY ELEMENTS (KOHA)
Source of classification or shelving scheme Dewey Decimal Classification
Koha item type Books
Existencias
Withdrawn status Lost status Source of classification or shelving scheme Damaged status Not for loan Home library Current library Shelving location Date acquired Source of acquisition Full call number Barcode Date last seen Copy number Price effective from Koha item type
    Dewey Decimal Classification     Biblioteca Pública José María del Castillo y Rada Biblioteca Pública José María del Castillo y Rada General Stacks 04/15/2018 Donación 330.9 / B257d 430002062 05/16/2024 Ej.1 03/10/2021 Books